000 00920nam a22001815i 4500
001 156443
003 ES-MaACL
005 20230906210417.0
008 040730s1852 fr |||| | fre d
040 _aCAM
_bspa
_cCAM
100 1 _aJost, S.
_9128357
245 1 0 _aGrammaire plyglotte ou Tableaux synoptiques comparés des langues française, allemande, anglaise, italienne, espagnole et hébraïque
_b: accompagnés de la prononciation figurée et d'annotations philologiques, exégétiques et archéologiques... /
_cpar S. Jost.
250 _a2éme éd. rev. et aum.
260 _aA Paris :
_bchez l'auteur-éditeur, rue Rossini, 28,
_c1852 (
_fTyp. de Mme. Ve Dondey-Dupré)
300 _aVI, 124 p. ;
_c20 cm.
650 0 4 _aGramática comparada.
_913155
852 _aES-MaACL
_jT-334-F-3
_z-- Enc. hol., falto de la cub. original
_z-- Enc. en un vol. facticio
_z-- Ejemp. autentificado con la firma ms. del autor
999 _c156443
_d156443